<?xml version="1.0" encoding="UTF-8"?>
<record
    xmlns:xsi="http://www.w3.org/2001/XMLSchema-instance"
    xsi:schemaLocation="http://www.loc.gov/MARC21/slim http://www.loc.gov/standards/marcxml/schema/MARC21slim.xsd"
    xmlns="http://www.loc.gov/MARC21/slim">

  <leader>02846nam a22001697a 4500</leader>
  <controlfield tag="003">SGT</controlfield>
  <datafield tag="020" ind1=" " ind2=" ">
    <subfield code="a">9788171948475</subfield>
  </datafield>
  <datafield tag="082" ind1=" " ind2=" ">
    <subfield code="a">657,GHO</subfield>
  </datafield>
  <datafield tag="100" ind1=" " ind2=" ">
    <subfield code="a">GHOSH,T.P</subfield>
  </datafield>
  <datafield tag="245" ind1=" " ind2=" ">
    <subfield code="a">GUIDE TO INDIAN ACCOUNTING STANDARDS: CONVERGED WITH IFRSs</subfield>
    <subfield code="b">NOTIFIED ON 25TH FEBRUARY 2011</subfield>
  </datafield>
  <datafield tag="250" ind1=" " ind2=" ">
    <subfield code="a">1ST</subfield>
  </datafield>
  <datafield tag="260" ind1=" " ind2=" ">
    <subfield code="a">NEW DELHI</subfield>
    <subfield code="b">TAXMANN</subfield>
    <subfield code="c">2011</subfield>
  </datafield>
  <datafield tag="300" ind1=" " ind2=" ">
    <subfield code="a">1220</subfield>
  </datafield>
  <datafield tag="650" ind1=" " ind2=" ">
    <subfield code="a">ACCOUNTING</subfield>
  </datafield>
  <datafield tag="653" ind1=" " ind2=" ">
    <subfield code="a">NOTIFIED ON 25TH FEBRUARY, 2011 &#x2022;	INDIAN ACCOUNTING STANDARDS 1 : PRESENTATION OF FINANCIAL STATEMENTS &#x2022;	INDIAN ACCOUNTING STANDARDS 2: INVENTORIES &#x2022;	INDIAN ACCOUNTING STANDARDS 7 : STATEMENTS OF CASH FLOWS &#x2022;	INDIAN ACCOUNTING STANDARDS 8: ACCOUNTING POLICIES, CHANGES IN ACCOUNTING ESTIMATES AND ERRORS &#x2022;	INDIAN ACCOUNTING STANDARDS 10: EVENTS AFTER THE REPORTING PERIOD &#x2022;	INDIAN ACCOUNTING STANDARDS 11: CONSTRUCTION CONTRACTS &#x2022;	INDIAN ACCOUNTING STANDARDS 12: INCOME TAXES &#x2022;	INDIAN ACCOUNTING STANDARDS 16: PROPERTY , PLANT AND EQUIPMENT &#x2022;	INDIAN ACCOUNTING STANDARDS 17 : LEASES &#x2022;	INDIAN ACCOUNTING STANDARDS 18: REVENUE &#x2022;	INDIAN ACCOUNTING STANDARDS 19: EMPLOYEE BENEFITS &#x2022;	INDIAN ACCOUNTING STANDARDS 20 : ACCOUNTING FOR GOVERNMENT GRANTS AND DISCLOSURE OF GOVERNMENT ASSISTANCE &#x2022;	INDIAN ACCOUNTING STANDARDS 21: THE EFFECTS OF CHANGES IN FOREIGN EXCHANGE RATES &#x2022;	INDIAN ACCOUNTING STANDARDS 23: BORROWING COSTS &#x2022;	INDIAN ACCOUNTING STANDARDS 24 : RELATED PARTY DISCLOSURES &#x2022;	INDIAN ACCOUNTING STANDARDS 27: CONSOLIDATED AND SEPARATE FINANCIAL STATEMENTS &#x2022;	INDIAN ACCOUNTING STANDARDS 28 : INVESTMENT IN ASSOCIATES &#x2022;	INDIAN ACCOUNTING STANDARDS 29: FINANCIAL REPORTING IN HYPERINFLATIONARY ECONOMIES &#x2022;	INDIAN ACCOUNTING STANDARDS 31: INTERESTS IN JOINTS VENTURES &#x2022;	INDIAN ACCOUNTING STANDARDS 32 : FINANCIAL INSTRUMENTS : PRESENTATION &#x2022;	INDIAN ACCOUNTING STANDARDS 33 : EARNINGS PER SHARE &#x2022;	INDIAN ACCOUNTING STANDARDS 34 : INTERIM FINANCIAL REPORTING &#x2022;	INDIAN ACCOUNTING STANDARDS 36 : IMPAIRMENT OF ASSETS &#x2022;	INDIAN ACCOUNTING STANDARDS 37 : PROVISIONS, CONTINGENT LIABILITIES AND CONTINGENT ASSETS &#x2022;	INDIAN ACCOUNTING STANDARDS 38 : INTANGIBLE ASSETS &#x2022;	INDIAN ACCOUNTING STANDARDS 39 : FINANCIAL INSTRUMENTS: RECOGNITION AND MEASUREMENT &#x2022;	INDIAN ACCOUNTING STANDARDS 40 : INVESTMENT PROPERTY &#x2022;	INDIAN ACCOUNTING STANDARDS 101 : FIRST-TIME ADOPTION OF INDIAN ACCOUNTING STANDARDS &#x2022;	INDIAN ACCOUNTING STANDARDS 102 : SHARE- BASED PAYMENT &#x2022;	INDIAN ACCOUNTING STANDARDS 103 : BUSINESS COMBINATIONS &#x2022;	INDIAN ACCOUNTING STANDARDS 104 : INSURANCE CONTRACTORS &#x2022;	INDIAN ACCOUNTING STANDARDS 105 : NON- CURRENT ASSETS HELD FOR SALE AND DISCONTINUED OPERATIONS &#x2022;	INDIAN ACCOUNTING STANDARDS 106 : EXPLORATION FOR AND EVALUATION OF MINERAL RESOURCES &#x2022;	INDIAN ACCOUNTING STANDARDS 107: FINANCIAL INSTRUMENTS : DISCLOSURES &#x2022;	INDIAN ACCOUNTING STANDARDS 108: OPERATING SEGMENTS</subfield>
  </datafield>
  <datafield tag="942" ind1=" " ind2=" ">
    <subfield code="2">ddc</subfield>
    <subfield code="c">FCM</subfield>
  </datafield>
  <datafield tag="952" ind1=" " ind2=" ">
    <subfield code="0">0</subfield>
    <subfield code="1">0</subfield>
    <subfield code="2">ddc</subfield>
    <subfield code="4">0</subfield>
    <subfield code="7">0</subfield>
    <subfield code="8">CM</subfield>
    <subfield code="a">SSSL</subfield>
    <subfield code="b">SSSL</subfield>
    <subfield code="c">DISPLAY</subfield>
    <subfield code="d">2016-06-27</subfield>
    <subfield code="e">KIRTI PRAKASHAN</subfield>
    <subfield code="g">1350.00</subfield>
    <subfield code="i">SGTU</subfield>
    <subfield code="l">0</subfield>
    <subfield code="o">657,GHO</subfield>
    <subfield code="p">CM668</subfield>
    <subfield code="r">2016-06-27 00:00:00</subfield>
    <subfield code="w">0000-00-00</subfield>
    <subfield code="y">FCM</subfield>
    <subfield code="k">2365</subfield>
  </datafield>
  <datafield tag="952" ind1=" " ind2=" ">
    <subfield code="0">0</subfield>
    <subfield code="1">0</subfield>
    <subfield code="2">ddc</subfield>
    <subfield code="4">0</subfield>
    <subfield code="7">0</subfield>
    <subfield code="8">CM</subfield>
    <subfield code="a">SSSL</subfield>
    <subfield code="b">SSSL</subfield>
    <subfield code="c">DISPLAY</subfield>
    <subfield code="d">2016-06-27</subfield>
    <subfield code="e">KIRTI PRAKASHAN</subfield>
    <subfield code="g">1350.00</subfield>
    <subfield code="i">SGTU</subfield>
    <subfield code="l">2</subfield>
    <subfield code="o">657,GHO</subfield>
    <subfield code="p">CM669</subfield>
    <subfield code="r">2019-11-22 00:00:00</subfield>
    <subfield code="s">2019-11-13</subfield>
    <subfield code="w">0000-00-00</subfield>
    <subfield code="y">FCM</subfield>
    <subfield code="k">2365</subfield>
  </datafield>
  <datafield tag="952" ind1=" " ind2=" ">
    <subfield code="0">0</subfield>
    <subfield code="1">0</subfield>
    <subfield code="2">ddc</subfield>
    <subfield code="4">0</subfield>
    <subfield code="7">0</subfield>
    <subfield code="8">CM</subfield>
    <subfield code="a">SSSL</subfield>
    <subfield code="b">SSSL</subfield>
    <subfield code="c">DISPLAY</subfield>
    <subfield code="d">2016-06-27</subfield>
    <subfield code="e">KIRTI PRAKASHAN</subfield>
    <subfield code="g">1350.00</subfield>
    <subfield code="i">SGTU</subfield>
    <subfield code="l">0</subfield>
    <subfield code="o">657,GHO</subfield>
    <subfield code="p">CM670</subfield>
    <subfield code="r">2016-06-27 00:00:00</subfield>
    <subfield code="w">0000-00-00</subfield>
    <subfield code="y">FCM</subfield>
    <subfield code="k">2365</subfield>
  </datafield>
  <datafield tag="999" ind1=" " ind2=" ">
    <subfield code="c">9255</subfield>
    <subfield code="d">9255</subfield>
  </datafield>
</record>
